Akvárium a terárium
| Format: | Journal |
|---|---|
| Language: | Czech Slovak |
| PhysicalDescription: | zv. 22-32 cm |
| Published: |
Praha
Aqua Tropic - Josef Lonský
1958-2009
Praha Orbis Praha Panorama Praha Aguatropic Lonský |
| ISSN: | 0002-3930 |
| Subjects: |
MARC
| LEADER | 00000cas a2200000 a 4500 | ||
|---|---|---|---|
| 001 | vtls001367972 | ||
| 003 | SK-MaSNL | ||
| 005 | 20260228155810.0 | ||
| 008 | 990713d19582009xr mr p 0 0b0cze c | ||
| 022 | |a 0002-3930 | ||
| 035 | |a SNK000321662 | ||
| 040 | |a SNK |b slo |c SNK |e AACR2 | ||
| 041 | 0 | |a cze |a slo | |
| 044 | |a xr |c CZ | ||
| 072 | |a 636 |x Chov zvierat. Živočíšna výroba |2 konspekt | ||
| 080 | |a 636.98:597.2/.5 |2 2001 | ||
| 080 | |a 636.90/.99.045 |2 2011 | ||
| 080 | |a 050 |2 2011 | ||
| 080 | |a 379.82(051) |2 2011 | ||
| 210 | 0 | |a Akvár. terár. | |
| 222 | 0 | |a Akvárium, terárium |b Praha | |
| 245 | 0 | 0 | |a Akvárium a terárium |
| 246 | 3 | 3 | |a Akvárium terárium |f 1980-2009 |
| 260 | |a Praha |b Aqua Tropic - Josef Lonský |c 1958-2009 | ||
| 260 | 2 | |3 1958-1982 |a Praha |b Orbis | |
| 260 | 2 | |3 1983-1991 |a Praha |b Panorama | |
| 260 | 3 | |3 1992-2009 |a Praha |b Aguatropic Lonský | |
| 300 | |a zv. |c 22-32 cm | ||
| 310 | |a 1x mesačne |b 1990-2009 | ||
| 321 | |a 6x ročne |b 1958-1979 | ||
| 321 | |a 6x ročně |b 1958-1989 | ||
| 362 | 0 | |a Roč. 1, č. 1 (1958)-roč. 52, č. 8 (2009) | |
| 500 | |a Podnázov: nejstarší vivaristický časopis | ||
| 500 | |a V tiráži periodicita: Vychází 6 dvojčísel ročně | ||
| 650 | 0 | 7 | |a akvaristika |2 SNKPH |9 27735 |
| 650 | 0 | 7 | |a teraristika |2 SNKPH |9 2831 |
| 655 | 7 | |a záujmové časopisy |2 SNKPH |9 70804 | |
| 910 | |a snk | ||
| 958 | |a OND | ||
| 999 | |c 622 |d 622 | ||
| 952 | |0 0 |1 1 |4 0 |7 0 |a SNK |b SNK |d 1997-10-23 |l 0 |o snkČB 2528/36/1993 |p 17A0104599 |r 2005-01-02 00:00:00 |t č. 1 |w 2026-02-21 |y PREZ | ||
| 952 | |0 0 |1 1 |4 0 |7 0 |a SNK |b SNK |d 1997-10-23 |l 0 |o snkČB 2528/35/1992 |p 17A0104600 |r 2005-01-02 00:00:00 |t č. 1-12 |w 2026-02-21 |y PREZ | ||
| 952 | |0 0 |1 1 |4 0 |7 0 |a SNK |b SNK |d 1999-07-13 |l 0 |o snkČB 2528/34/1991 |p 17A0196612 |r 2005-01-02 00:00:00 |t č. 1-12 |w 2026-02-21 |y PREZ | ||
| 952 | |0 0 |1 1 |4 0 |7 0 |a SNK |b SNK |d 2002-04-20 |l 0 |o snkČB 2528/25/1982 |p 17A0339788 |r 2005-01-02 00:00:00 |t č. 1-6 |w 2026-02-21 |y PREZ | ||
| 952 | |0 0 |1 1 |4 0 |7 0 |a SNK |b SNK |d 2002-04-20 |l 0 |o snkČB 2528/26/1983 |p 17A0339639 |r 2005-01-02 00:00:00 |t č. 1-6 |w 2026-02-21 |y PREZ | ||
| 952 | |0 0 |1 1 |4 0 |7 0 |a SNK |b SNK |d 2002-04-20 |l 0 |o snkČB 2528/27/1984 |p 17A0339638 |r 2005-01-02 00:00:00 |t č. 1-6 |w 2026-02-21 |y PREZ | ||
| 952 | |0 0 |1 1 |4 0 |7 0 |a SNK |b SNK |d 2002-04-20 |l 0 |o snkČB 2528/28/1985 |p 17A0339422 |r 2005-01-02 00:00:00 |t č. 1-6 |w 2026-02-21 |y PREZ | ||
| 952 | |0 0 |1 1 |4 0 |7 0 |a SNK |b SNK |d 2002-04-20 |l 0 |o snkČB 2528/29/1986 |p 17A0339327 |r 2005-01-02 00:00:00 |t č. 1-6 |w 2026-02-21 |y PREZ | ||
| 952 | |0 0 |1 1 |4 0 |7 0 |a SNK |b SNK |d 2002-04-20 |l 0 |o snkČB 2528/31/1988 |p 17A0339427 |r 2005-01-02 00:00:00 |t č. 1-6 |w 2026-02-21 |y PREZ | ||
| 952 | |0 0 |1 1 |4 0 |7 0 |a SNK |b SNK |d 2002-04-20 |l 0 |o snkČB 2528/32/1989 |p 17A0339642 |r 2005-01-02 00:00:00 |t č. 1-6 |w 2026-02-21 |y PREZ | ||
| 952 | |0 0 |1 1 |4 0 |7 0 |a SNK |b SNK |d 2002-04-20 |l 0 |o snkČB 2528/33/1990 |p 17A0339620 |r 2005-01-02 00:00:00 |t č. 1-12 |w 2026-02-21 |y PREZ | ||


